[Event "SR 2. liga A 2016/2017"]
[Site "?"]
[Date "2016.10.08"]
[Round "1.5"]
[White "Kebis, Milos"]
[Black "Kalmar, Tamas"]
[Result "1/2-1/2"]
[WhiteElo "1964"]
[BlackElo "2044"]
[PlyCount "66"]
[EventDate "2016.??.??"]

1. c4 Nf6 2. Nc3 e6 3. Nf3 d5 4. d4 c6 5. Bg5 Nbd7 6. e3 Qa5 7. Bxf6 Nxf6 8.
Bd3 Be7 9. O-O O-O 10. Nd2 Rd8 11. Qe2 Qc7 12. Rac1 e5 13. cxd5 Nxd5 14. Nxd5
Rxd5 15. Bc4 Rd8 16. d5 Bd7 17. Ne4 Rac8 18. Bb3 Qb8 19. Nc3 Bb4 20. e4 a6 21.
Rfd1 Bxc3 22. Rxc3 cxd5 23. exd5 Qd6 24. h3 g6 25. Qd2 Kg7 26. Qe3 Bb5 27. Rdc1
Bd7 28. Qa7 Qb8 29. Qb6 Rxc3 30. Rxc3 Rc8 31. Rc5 Rxc5 32. Qxc5 Qc8 33. Qd6
Qc1+ 1/2-1/2

[Event "SR 2. liga A 2016/2017"]
[Site "?"]
[Date "2016.10.08"]
[Round "1.5"]
[White "Meszaros, Lorant"]
[Black "Mikulasek, Viktor"]
[Result "1-0"]
[WhiteElo "2024"]
[BlackElo "1859"]
[PlyCount "71"]
[EventDate "2016.??.??"]

1. d4 g6 2. c4 Bg7 3. Nc3 Nf6 4. e4 d6 5. Nf3 Nbd7 6. g3 c5 7. d5 a6 8. a4 O-O
9. Bg2 Qc7 10. O-O Re8 11. h3 Nf8 12. Re1 N6d7 13. Bf4 Rb8 14. Qd2 Ne5 15. Nxe5
dxe5 16. Be3 Bd7 17. Bf1 Rbc8 18. a5 Qd6 19. Ra3 Qc7 20. Rea1 Rb8 21. Ne2 b5
22. axb6 Qxb6 23. Rxa6 Qxb2 24. Qxb2 Rxb2 25. Nc1 f5 26. Nd3 Rc2 27. Nxc5 f4
28. Bd3 Rb2 29. Bc1 Rbb8 30. g4 Rec8 31. Ba3 Kf7 32. Ra7 Rd8 33. Nb7 Rdc8 34.
c5 Be8 35. Nd6+ Kg8 36. Nxc8 1-0

[Event "SR 2. liga A 2016/2017"]
[Site "?"]
[Date "2016.10.08"]
[Round "1.6"]
[White "Duben, Igor"]
[Black "Farkas, Gabor"]
[Result "1/2-1/2"]
[WhiteElo "2218"]
[BlackElo "2381"]
[PlyCount "115"]
[EventDate "2016.??.??"]

1. d4 d5 2. Nf3 c6 3. Bf4 Qb6 4. Qc1 Bf5 5. e3 Nf6 6. Be2 e6 7. O-O Nbd7 8. c4
Nh5 9. Bg5 h6 10. Bh4 g5 11. Bg3 Nxg3 12. hxg3 Bg7 13. Nc3 O-O 14. Qd2 dxc4 15.
Bxc4 Rad8 16. Qe2 Nf6 17. Rfd1 c5 18. Na4 Qc7 19. Nxc5 Bg4 20. Rac1 Qb8 21. Qc2
b6 22. Na6 Qb7 23. Be2 Rc8 24. Qb3 Ne4 25. Nc5 Nxc5 26. dxc5 Qc6 27. Rc4 Bh5
28. cxb6 Qxb6 29. Qxb6 axb6 30. b3 Rxc4 31. Bxc4 Ra8 32. a4 Bf8 33. Rd7 Bxf3
34. gxf3 Bc5 35. Kg2 Kf8 36. Kh3 Re8 37. Rc7 Bb4 38. Rb7 Bc5 39. Rc7 Bb4 40. f4
gxf4 41. exf4 Rd8 42. f5 Rd2 43. f3 Rd6 44. Kg4 Be1 45. Kh3 Ke8 46. f4 exf5 47.
Rxf7 Rg6 48. Rxf5 Rxg3+ 49. Kh2 Re3 50. Re5+ Rxe5 51. fxe5 h5 52. Be2 h4 53.
Kg2 Ke7 54. Bg4 Bc3 55. e6 Bf6 56. Kf3 Kd6 57. Ke4 Kc5 58. Kd3 1/2-1/2

[Event "SR 2. liga A 2016/2017"]
[Site "?"]
[Date "2016.10.08"]
[Round "1.6"]
[White "Varga, David"]
[Black "Sosovicka, Matej"]
[Result "0-1"]
[WhiteElo "2297"]
[BlackElo "2169"]
[PlyCount "126"]
[EventDate "2016.??.??"]

1. e4 e5 2. Nf3 Nc6 3. Bb5 a6 4. Ba4 Nf6 5. O-O b5 6. Bb3 Bc5 7. h3 d6 8. c3
O-O 9. d4 Bb6 10. Re1 h6 11. Be3 Bb7 12. d5 Ne7 13. Bxb6 cxb6 14. g4 Ng6 15.
Kh2 Nh7 16. Nbd2 Nf4 17. Re3 Bc8 18. Ng1 Ra7 19. Ne2 Qh4 20. Nxf4 exf4 21. Rd3
Qxf2+ 22. Kh1 g5 23. Bc2 Nf6 24. Qg1 Qxg1+ 25. Kxg1 Re8 26. Rd4 Nd7 27. a4 Ne5
28. axb5 a5 29. Kg2 Bd7 30. c4 Rc7 31. Bd1 Rec8 32. Be2 Kg7 33. Ra4 Kf6 34. b3
Be8 35. Ra1 Ra7 36. Nf3 Nxf3 37. Kxf3 Ke5 38. Rd2 Rac7 39. Rb2 f6 40. b4 axb4
41. Rxb4 Bg6 42. Kf2 Re7 43. Rba4 Rc5 44. Ra6 Rb7 45. Ra8 Rcc7 46. R1a6 Kd4 47.
Rf8 Ke5 48. Rg8 Bxe4 49. Re8+ Kd4 50. c5 bxc5 51. b6 Re7 52. Rxe7 Rxe7 53. Ra7
Re8 54. Rc7 Rb8 55. b7 Bxd5 56. Ba6 c4 57. Ke1 c3 58. Kd1 f3 59. Kc2 f2 60.
Rxc3 Bxb7 61. Bf1 Rc8 62. Rxc8 Bxc8 63. Kd2 Bb7 0-1

[Event "SR 2. liga A 2016/2017"]
[Site "?"]
[Date "2016.10.08"]
[Round "1.6"]
[White "Oprea, Erik"]
[Black "Balogh, Peter"]
[Result "0-1"]
[WhiteElo "2180"]
[BlackElo "2277"]
[PlyCount "74"]
[EventDate "2016.??.??"]

1. c4 Nf6 2. d4 g6 3. Nc3 Bg7 4. e4 d6 5. f3 O-O 6. Be3 e5 7. d5 c6 8. Bd3 cxd5
9. cxd5 a6 10. Qd2 Nh5 11. Nge2 f5 12. O-O-O Qe8 13. Kb1 Nd7 14. exf5 gxf5 15.
g4 e4 16. gxh5 exd3 17. Nf4 Ne5 18. Qg2 Kh8 19. Rhg1 Bf6 20. Qh3 Qe7 21. Bd4
Bd7 22. Rde1 Rg8 23. Be3 Rxg1 24. Rxg1 Rf8 25. Bd4 Ng4 26. Bxf6+ Nxf6 27. Qf1
Qe3 28. Ng2 Qd4 29. Ne1 f4 30. Rg5 h6 31. Rg6 Bf5 32. Qg1 d2+ 33. Nc2 Qd3 34.
Rxh6+ Nh7 35. Qd1 Rc8 36. Rxd6 Rxc3 37. h6 Qxc2+ 0-1

[Event "SR 2. liga A 2016/2017"]
[Site "?"]
[Date "2016.10.08"]
[Round "1.6"]
[White "Gruca, Miroslav"]
[Black "Sosovicka, Jakub"]
[Result "1/2-1/2"]
[WhiteElo "2214"]
[BlackElo "1928"]
[PlyCount "45"]
[EventDate "2016.??.??"]

1. e4 c5 2. Nc3 d6 3. f4 Nc6 4. Nf3 g6 5. Bb5 Bd7 6. d3 Bg7 7. O-O e6 8. Bc4
Nge7 9. Qe1 O-O 10. Qg3 Na5 11. Bb5 d5 12. Bxd7 Qxd7 13. e5 Nac6 14. Qf2 Rac8
15. b3 Nf5 16. Bb2 Ncd4 17. Qd2 b5 18. Ne2 Nxf3+ 19. Rxf3 d4 20. c3 dxc3 21.
Bxc3 Rfd8 22. Rd1 Qc6 23. Qe1 1/2-1/2

[Event "SR 2. liga A 2016/2017"]
[Site "?"]
[Date "2016.10.08"]
[Round "1.6"]
[White "Hurban, Martin"]
[Black "Koloditsova, Renata"]
[Result "1-0"]
[WhiteElo "1956"]
[BlackElo "1942"]
[PlyCount "97"]
[EventDate "2016.??.??"]

1. e4 e6 2. d4 d5 3. Nc3 Bb4 4. e5 c5 5. a3 Bxc3+ 6. bxc3 Qc7 7. Qg4 Ne7 8.
Qxg7 Rg8 9. Qxh7 cxd4 10. Ne2 Nbc6 11. Qd3 dxc3 12. f4 Nf5 13. Nxc3 a6 14. Bb2
Bd7 15. O-O-O O-O-O 16. g3 Kb8 17. Bh3 Nfe7 18. Bg2 Rc8 19. Ne2 Na5 20. Nd4 Ba4
21. Kb1 Nf5 22. Rc1 Nxd4 23. Bxd4 Bb5 24. Qd2 Nc4 25. Qc3 Qe7 26. Ka2 Ka8 27.
Qb4 Qd7 28. Bf1 Rc7 29. Bd3 Rgc8 30. Rb1 Rg8 31. Rhg1 Ba4 32. Bxc4 Rxc4 33. Qb6
Rxd4 34. Qxd4 Bxc2 35. Rbc1 Ba4 36. Rg2 Bc6 37. Rgc2 Kb8 38. Rc3 Rd8 39. h4 Bb5
40. h5 Be2 41. h6 Qe8 42. Rc7 Bc4+ 43. R7xc4 dxc4 44. Qxc4 Qd7 45. g4 b5 46.
Qc5 Qb7 47. h7 Rh8 48. Qd6+ Ka8 49. Rc6 1-0

[Event "SR 2. liga A 2016/2017"]
[Site "?"]
[Date "2016.10.08"]
[Round "1.6"]
[White "Pusec, Pavel"]
[Black "Kosegi, Marek"]
[Result "0-1"]
[WhiteElo "1996"]
[BlackElo "1913"]
[PlyCount "72"]
[EventDate "2016.??.??"]

1. d4 d5 2. Nf3 Nf6 3. c4 c6 4. Nc3 e6 5. e3 Nbd7 6. Bd3 dxc4 7. Bxc4 b5 8. Bd3
Bb7 9. a3 a6 10. O-O c5 11. Qe2 cxd4 12. exd4 Be7 13. Ne5 O-O 14. Bg5 Nb6 15.
Rad1 Nbd5 16. Nxd5 Qxd5 17. Nf3 h6 18. Bxf6 Bxf6 19. Rfe1 Rfd8 20. Be4 Qxe4 21.
Qxe4 Bxe4 22. Rxe4 Rac8 23. g3 Rc2 24. b4 Rdc8 25. Rd2 R2c3 26. Re3 Rxe3 27.
fxe3 Rc3 28. Kf2 Rxa3 29. e4 Be7 30. Ke2 Bxb4 31. Rc2 Rc3 32. Rxc3 Bxc3 33. d5
exd5 34. exd5 Kf8 35. Kd3 Bf6 36. Nd2 Ke7 0-1

[Event "SR 2. liga A 2016/2017"]
[Site "?"]
[Date "2016.10.08"]
[Round "1.6"]
[White "Szollos, Ondrej"]
[Black "Lesny, Stefan"]
[Result "0-1"]
[WhiteElo "2010"]
[BlackElo "2012"]
[PlyCount "50"]
[EventDate "2016.??.??"]

1. Nf3 Nc6 2. d3 e5 3. c3 Nf6 4. e4 Bc5 5. h3 h6 6. Be2 d6 7. Nbd2 O-O 8. Nc4
a6 9. Ne3 d5 10. Qc2 Bb6 11. O-O dxe4 12. dxe4 Qe7 13. Nh2 Bd7 14. Nhg4 Nxg4
15. Nxg4 f5 16. exf5 Bxf5 17. Bc4+ Kh8 18. Qe2 Qh4 19. Ne3 Ne7 20. Nxf5 Nxf5
21. Kh2 Nd6 22. Bb3 Bxf2 23. Be3 Qg3+ 24. Kh1 Qxe3 25. Rxf2 Qxf2 0-1

[Event "SR 2. liga A 2016/2017"]
[Site "?"]
[Date "2016.10.08"]
[Round "1.6"]
[White "Cibik, Jan"]
[Black "Gzib, David"]
[Result "0-1"]
[WhiteElo "1878"]
[BlackElo "1698"]
[PlyCount "74"]
[EventDate "2016.??.??"]

1. e4 c5 2. Nf3 Nc6 3. d4 cxd4 4. Nxd4 g6 5. Nc3 Bg7 6. Be3 Nf6 7. h3 Qa5 8.
Nb3 Qd8 9. Qd2 O-O 10. Be2 d6 11. Bh6 Be6 12. Bxg7 Kxg7 13. O-O d5 14. exd5
Nxd5 15. Rfd1 Nf6 16. Qf4 Qb8 17. Qe3 Qe5 18. Qxe5 Nxe5 19. Nd4 Bc4 20. b3 Bxe2
21. Ncxe2 Rfd8 22. f4 Nc6 23. Nxc6 bxc6 24. Kf2 Rd5 25. c4 Rd6 26. Rxd6 exd6
27. Kf3 d5 28. cxd5 cxd5 29. Rc1 Re8 30. Rc7 a6 31. b4 Re4 32. a3 d4 33. Rc4
Re3+ 34. Kf2 Ne4+ 35. Kg1 d3 36. Nc3 Nxc3 37. Rxc3 Re1+ 0-1

[Event "SR 2. liga A 2016/2017"]
[Site "?"]
[Date "2016.10.09"]
[Round "2.1"]
[White "Jancovic, Peter"]
[Black "Puskar, Peter"]
[Result "1-0"]
[WhiteElo "2212"]
[BlackElo "2167"]
[PlyCount "113"]
[EventDate "2016.??.??"]

1. d4 Nf6 2. c4 e6 3. Nf3 b6 4. Nc3 Bb7 5. Qc2 d5 6. Bg5 Be7 7. e3 O-O 8. Be2
Nbd7 9. O-O c5 10. Rfd1 cxd4 11. Nxd4 Rc8 12. cxd5 Nxd5 13. Bxe7 Qxe7 14. Bf3
N7f6 15. Nxd5 Bxd5 16. Qa4 Bxf3 17. Nxf3 Rc5 18. Rac1 Rfc8 19. Rxc5 Qxc5 $11
20. h3 a5 21. Qd4 Qxd4 22. Rxd4 Kf8 23. Rd6 Rb8 24. a3 Ke7 25. Rc6 Ne8 26. Ne5
f6 27. Nc4 Kd7 28. Rxb6 Rxb6 29. Nxb6+ Kc6 30. Nc4 Kb5 31. Nd2 a4 32. Kf1 Nd6
33. Ke2 e5 34. Kd3 Kc5 35. f3 f5 36. g3 g6 37. h4 h6 38. e4 Kb5 39. Nb1 h5 40.
Nc3+ Ka5 41. Nd5 fxe4+ 42. fxe4 Kb5 43. Nf6 Nc4 44. Kc3 Ne3 45. Nd7 Nf1 46.
Nxe5 Nxg3 47. Kd4 g5 48. hxg5 h4 49. Nf3 h3 50. Kd5 Nh5 51. e5 Ng7 52. e6 Nf5
53. Ke5 Nh4 54. e7 Nxf3+ 55. Kf4 h2 56. e8=Q+ Kc5 57. Qh8 1-0

[Event "SR 2. liga A 2016/2017"]
[Site "?"]
[Date "2016.10.09"]
[Round "2.1"]
[White "Bango, Lukas"]
[Black "Hacik, Radomir"]
[Result "1-0"]
[WhiteElo "2108"]
[BlackElo "2191"]
[PlyCount "75"]
[EventDate "2016.??.??"]

1. e4 c6 2. Nc3 d5 3. Nf3 Bg4 4. h3 Bh5 5. exd5 cxd5 6. Bb5+ Nc6 7. g4 Bg6 8.
Ne5 Qc7 9. d4 e6 10. Qe2 O-O-O 11. Bxc6 bxc6 12. Qa6+ Qb7 13. Qxc6+ Qxc6 14.
Nxc6 Rd7 15. Bf4 f6 16. Kd2 Kb7 17. Na5+ Ka8 18. a3 Bd6 19. Bxd6 Rxd6 20. Rhe1
Bf7 21. Re3 Ne7 22. Rae1 Rb8 23. b4 Nc6 24. Nxc6 Rxc6 25. Na4 Rd8 26. f4 Kb8
27. Nc5 Rdd6 28. a4 Kc8 29. b5 Rc7 30. Nxe6 Bxe6 31. Rxe6 Rxe6 32. Rxe6 Rc4 33.
Rc6+ Rxc6 34. bxc6 Kc7 35. c4 Kxc6 36. cxd5+ Kxd5 37. Kd3 a5 38. f5 1-0

[Event "SR 2. liga A 2016/2017"]
[Site "?"]
[Date "2016.10.09"]
[Round "2.1"]
[White "Sulek, Viliam"]
[Black "Kovacocy, Pavel"]
[Result "0-1"]
[WhiteElo "2066"]
[BlackElo "2216"]
[PlyCount "116"]
[EventDate "2016.??.??"]

1. e4 c5 2. Nf3 g6 3. Nc3 Bg7 4. d4 cxd4 5. Nxd4 Nc6 6. Nb3 Nf6 7. Be3 O-O 8.
Be2 d6 9. O-O Be6 10. f4 Qc8 11. Kh1 Rd8 12. Qe1 d5 13. exd5 Nxd5 14. Nxd5 Bxd5
15. c3 Qe6 16. Qf2 b6 17. Rad1 Bxb3 18. axb3 Qxb3 19. Bf3 Rxd1 20. Bxd1 Qb5 21.
Bf3 Rd8 22. Bxc6 Qxc6 23. f5 gxf5 24. Qxf5 Qd5 25. Qf2 Rd6 26. Qg3 h6 27. h3
Rg6 28. Qf3 Qxf3 29. Rxf3 Rd6 30. g4 Be5 31. Kg2 Kg7 32. Rf1 a6 33. Ra1 b5 34.
Kf3 Bf6 35. Ke4 Kg6 36. Bc5 Rd2 37. b4 Bxc3 38. Rxa6+ e6 39. h4 Rb2 40. Be7
Bxb4 41. h5+ Kg7 42. Bd8 Bc3 43. Ra8 Rd2 44. Be7 Rd4+ 45. Kf3 Bb4 46. Bh4 Bd6
47. Rd8 Rf4+ 48. Kg3 Be5 49. Kh3 b4 50. g5 Rxh4+ 51. Kxh4 hxg5+ 52. Kh3 b3 53.
Rd3 b2 54. Rb3 Kh6 55. Kg4 f5+ 56. Kf3 Kxh5 57. Rb7 g4+ 58. Kg2 Kg5 0-1

[Event "SR 2. liga A 2016/2017"]
[Site "?"]
[Date "2016.10.09"]
[Round "2.1"]
[White "Szitkey, Milan"]
[Black "Nestorenko, Dmitry"]
[Result "1-0"]
[WhiteElo "2098"]
[BlackElo "2080"]
[PlyCount "63"]
[EventDate "2016.??.??"]

1. e4 c5 2. Nf3 Nc6 3. c3 e6 4. d4 cxd4 5. cxd4 d5 6. e5 Qb6 7. Nc3 Nge7 8. Bd3
Bd7 9. Na4 Qc7 10. Bd2 b5 11. Nc5 Nxd4 12. Nxd7 Nxf3+ 13. Qxf3 Qxd7 14. a4 bxa4
15. Bc2 a3 16. Qxa3 Nc6 17. Qg3 Nd4 18. Ba4 Nb5 19. O-O Rb8 20. Rfc1 g6 21. Ba5
Rb7 22. Rc2 Bh6 23. Qh4 Bg7 24. Bb4 f6 25. exf6 Bf8 26. Rac1 Kf7 27. Bxb5 Qxb5
28. Rc7+ Rxc7 29. Rxc7+ Kg8 30. f7+ Kg7 31. Qd4+ Kh6 32. Bd2+ 1-0

[Event "SR 2. liga A 2016/2017"]
[Site "?"]
[Date "2016.10.09"]
[Round "2.1"]
[White "Kostolansky, Sebastian Lukas"]
[Black "Puchart, Vladimir"]
[Result "1/2-1/2"]
[WhiteElo "1984"]
[BlackElo "2046"]
[PlyCount "88"]
[EventDate "2016.??.??"]

1. e4 c5 2. Nf3 d6 3. Bb5+ Bd7 4. Bxd7+ Qxd7 5. O-O Nc6 6. b3 Nf6 7. Qe2 e6 8.
c4 Be7 9. Bb2 O-O 10. Nc3 a6 11. Rad1 b5 12. d4 cxd4 13. Nxd4 bxc4 14. Qxc4
Rfc8 15. Nxc6 Rxc6 16. Qd4 Qc7 17. Kh1 Rc8 18. Rc1 Qa5 19. f4 Qh5 20. h3 e5 21.
fxe5 dxe5 22. Qf2 Bc5 23. Qg3 Bd4 24. Nd5 Nxe4 25. Qd3 Rxc1 26. Bxc1 Qh4 27.
Kh2 h6 28. Qf3 Kh8 29. Be3 Rc2 30. Bxd4 exd4 31. Nb4 Rc3 32. Qxf7 Rxh3+ 33.
gxh3 Qg3+ 34. Kh1 Qxh3+ 35. Kg1 Qg4+ 36. Kh2 Qh4+ 37. Kg2 Qg3+ 38. Kh1 Qh3+ 39.
Kg1 Qg4+ 40. Kh2 Qh4+ 41. Kg2 Qg5+ 42. Kh2 Qh4+ 43. Kg2 Qg5+ 44. Kh2 Qh4+ $11
1/2-1/2

[Event "SR 2. liga A 2016/2017"]
[Site "?"]
[Date "2016.10.09"]
[Round "2.1"]
[White "Liptak, Dusan"]
[Black "Cambel, Vladimir"]
[Result "1-0"]
[WhiteElo "2127"]
[BlackElo "2058"]
[PlyCount "57"]
[EventDate "2016.??.??"]

1. d4 Nf6 2. c4 c5 3. Nf3 e6 4. Nc3 a6 5. Bg5 cxd4 6. Qxd4 Nc6 7. Qd2 Be7 8. e4
d6 9. Be2 Qc7 10. O-O O-O 11. Rac1 b6 12. h3 Bb7 13. Qe3 Rab8 14. Rfd1 Rfd8 $11
15. Nd5 exd5 16. cxd5 Qd7 17. dxc6 Bxc6 18. Ne5 dxe5 19. Rxd7 Bxd7 20. Bxa6 b5
21. Rc7 Ra8 22. Bxf6 Bxf6 23. Qb6 Rdb8 24. Rb7 Rd8 25. Bxb5 Bxb5 26. Qxb5 Rxa2
27. Rb8 Ra1+ 28. Kh2 Rad1 29. Qe8+ 1-0

[Event "SR 2. liga A 2016/2017"]
[Site "?"]
[Date "2016.10.09"]
[Round "2.1"]
[White "Hudec, Jan"]
[Black "Sturdik, Igor"]
[Result "1-0"]
[WhiteElo "2036"]
[BlackElo "1986"]
[PlyCount "85"]
[EventDate "2016.??.??"]

1. d4 Nf6 2. c4 c5 3. d5 e6 4. Nc3 exd5 5. cxd5 d6 6. Nf3 g6 7. Bf4 Bg7 8. Qa4+
Bd7 9. Qb3 Qc7 10. e3 O-O 11. h3 a6 12. a4 b6 13. Be2 Bc8 14. O-O Nbd7 15. Rfd1
Re8 16. Qc4 Nh5 17. Bh2 Ne5 18. Nxe5 Bxe5 19. Bxh5 gxh5 20. Bxe5 Rxe5 21. e4
Rg5 22. f4 Rg7 23. Rd3 Bb7 24. Rf3 Re8 25. Raf1 Qe7 26. Qd3 Qh4 27. Ne2 Kh8 28.
Rg3 Reg8 29. Rxg7 Rxg7 30. Qc3 b5 31. axb5 axb5 32. Rf3 b4 33. Qe3 Bc8 34. f5
Qf6 35. Rg3 Qxb2 36. Qh6 Rxg3 37. Nxg3 Qg7 38. Qxd6 h6 39. Nxh5 Qg5 40. Qf8+
Kh7 41. Qxf7+ Kh8 42. Qf8+ Kh7 43. Nf6+ 1-0

[Event "SR 2. liga A 2016/2017"]
[Site "?"]
[Date "2016.10.09"]
[Round "2.1"]
[White "Doucha, Ludvig"]
[Black "Briestenska, Andrea"]
[Result "1/2-1/2"]
[WhiteElo "1946"]
[BlackElo "1991"]
[PlyCount "62"]
[EventDate "2016.??.??"]

1. e4 d6 2. d4 Nf6 3. Bd3 c6 4. f4 e5 5. c3 Nbd7 6. Nf3 Qc7 7. O-O Be7 8. a4 a5
9. Na3 O-O 10. Nc4 exd4 11. cxd4 d5 12. e5 dxc4 13. exf6 Bxf6 14. Bxc4 Nb6 15.
Bb3 Bg4 16. h3 Bxf3 17. Rxf3 Rad8 18. Be3 Qd6 19. Qd2 Nd5 20. Bf2 Rd7 21. Rd1
Rfd8 22. g3 Nb4 23. d5 cxd5 24. Bd4 Bxd4+ 25. Qxd4 Nc6 26. Qf2 Kh8 27. Rxd5 Qb4
28. Rxd7 Rxd7 29. Rc3 h6 30. Qc5 Qe4 31. Qe3 Qd4 1/2-1/2

[Event "SR 2. liga A 2016/2017"]
[Site "?"]
[Date "2016.10.09"]
[Round "2.2"]
[White "Janos, Martin"]
[Black "Sosna, Jan"]
[Result "1/2-1/2"]
[WhiteElo "2230"]
[BlackElo "2347"]
[PlyCount "57"]
[EventDate "2016.??.??"]

1. e4 e5 2. Nf3 Nc6 3. d4 exd4 4. Nxd4 Bc5 5. Nxc6 Qf6 6. Qe2 dxc6 7. Nc3 Be6
8. Be3 Bb4 9. Bd2 O-O-O 10. O-O-O Ne7 11. Qe3 Qd4 12. Qxd4 Rxd4 13. Bd3 Rd7 14.
a3 Bc5 15. Rhf1 b5 16. Ne2 f6 17. h3 h5 18. Nf4 Bf7 19. Bc3 Bd6 20. Ne2 h4 21.
f4 Bh5 22. Rde1 Bc5 23. Kb1 Kb8 24. Nc1 Bb6 25. Be2 Bxe2 26. Rxe2 Re8 27. Be1
Rd1 28. Rd2 Rxd2 29. Bxd2 1/2-1/2

[Event "SR 2. liga A 2016/2017"]
[Site "?"]
[Date "2016.10.09"]
[Round "2.2"]
[White "Kapusta, Petr"]
[Black "Tepper, Frantisek"]
[Result "1-0"]
[WhiteElo "2213"]
[BlackElo "2104"]
[PlyCount "103"]
[EventDate "2016.??.??"]

1. e4 e5 2. Nf3 Nc6 3. Nc3 Nf6 4. Bb5 Nd4 5. Bc4 Nxf3+ 6. Qxf3 d6 7. d3 c6 8.
Bg5 Be7 9. O-O O-O 10. a4 Be6 11. Bxe6 fxe6 12. Qh3 Qd7 13. f4 exf4 14. Rxf4 h6
15. Bxh6 gxh6 16. Qxh6 Rf7 17. Rf3 Rh7 18. Qg6+ Rg7 19. Qh6 Nh7 20. Raf1 Rf8
21. Ne2 Rxf3 22. Rxf3 Bg5 23. Qh3 Qe7 24. Nd4 Nf8 25. Rxf8+ Qxf8 26. Nxe6 Qf6
27. Nxg7 Kxg7 28. Qg4 Kh6 29. Qh3+ Kg7 30. Qg3 Kh6 31. b3 b6 32. Qh3+ Kg7 33.
Qg3 Kh6 34. Qh3+ Kg7 35. Qg4 Kh6 36. Qe2 Qa1+ 37. Kf2 Qd4+ 38. Kg3 Qe5+ 39. Kh3
Qf6 40. g3 Kg6 41. Kg2 Qe5 42. Qg4 Kh6 43. h4 Be3 44. Qf3 Bc5 45. Qf2 Qd4 46.
Kh3 Qa1 47. Qf4+ Kg7 48. Kg4 Qd1+ 49. Kg5 Bd4 50. h5 Be5 51. h6+ Kg8 52. Qf5
1-0

[Event "SR 2. liga A 2016/2017"]
[Site "?"]
[Date "2016.10.09"]
[Round "2.2"]
[White "Janos, Jozef"]
[Black "Stanec, Stanislav"]
[Result "1-0"]
[WhiteElo "2155"]
[BlackElo "2092"]
[PlyCount "99"]
[EventDate "2016.??.??"]

1. d4 Nf6 2. Nf3 d5 3. c4 e6 4. Nc3 Be7 5. Bf4 O-O 6. e3 c6 7. h3 Nbd7 8. Bd3
dxc4 9. Bxc4 Nb6 10. Bb3 Nbd5 11. Nxd5 Nxd5 12. Bg3 Qa5+ 13. Nd2 Bb4 14. a3
Bxd2+ 15. Qxd2 Qxd2+ 16. Kxd2 Nf6 17. f3 Rd8 18. Rac1 h6 19. Ke2 Bd7 20. e4 Re8
21. Ke3 Rac8 22. Be5 Nh7 23. g4 Nf8 24. Rhd1 Kh7 25. h4 f6 26. Bd6 Ng6 27. Bg3
Ne7 28. h5 f5 29. gxf5 exf5 30. Be5 fxe4 31. fxe4 Ng8 32. Rg1 Nf6 33. Bf7 Rf8
34. Bg6+ Kh8 35. Bd6 Ng4+ 36. Rxg4 Bxg4 37. Bxf8 Rxf8 38. d5 Bd7 39. Kd4 Kg8
40. b4 Rf3 41. Ke5 Rf6 42. Rd1 cxd5 43. exd5 Bg4 44. Rd4 Bd7 45. Rc4 Kf8 46.
Rc7 Ke7 47. Rxb7 a6 48. a4 Kd8 49. a5 Kc8 50. Rb6 1-0

[Event "SR 2. liga A 2016/2017"]
[Site "?"]
[Date "2016.10.09"]
[Round "2.2"]
[White "Londin, Martin"]
[Black "Fabry, Robert"]
[Result "0-1"]
[WhiteElo "1913"]
[BlackElo "2085"]
[PlyCount "48"]
[EventDate "2016.??.??"]

1. e4 e5 2. Nf3 Nc6 3. c3 d5 4. Bb5 dxe4 5. Nxe5 Qd5 6. Qa4 Nge7 7. f4 exf3 8.
Nxf3 Bd7 9. O-O O-O-O 10. d4 a6 11. Bc4 Nxd4 12. Bxd5 Nxf3+ 13. gxf3 Bxa4 14.
Bxf7 Nd5 15. Bg5 Bc5+ 16. Kh1 Bb5 17. Rc1 Nf6 18. Nd2 Bc6 19. Kg2 h6 20. Nb3
hxg5 21. Nxc5 Rd2+ 22. Kg3 Rdxh2 23. Be6+ Kb8 24. b4 R8h3+ 0-1

[Event "SR 2. liga A 2016/2017"]
[Site "?"]
[Date "2016.10.09"]
[Round "2.2"]
[White "Mikulas, Dusan"]
[Black "Harastova, Viera"]
[Result "1-0"]
[WhiteElo "2079"]
[BlackElo "1862"]
[PlyCount "61"]
[EventDate "2016.??.??"]

1. e4 e5 2. Nf3 Nc6 3. Bb5 a6 4. Ba4 Nf6 5. O-O d6 6. Re1 Be7 7. c3 O-O 8. h3
b5 9. Bc2 Bb7 10. a3 h6 11. d4 Re8 12. Nbd2 Nh7 13. Nf1 Ng5 14. N3h2 Bf6 15. d5
Ne7 16. Ng4 Ng6 17. Nfe3 Bc8 18. Nf5 Bxf5 19. exf5 Nf8 20. a4 Nd7 21. Qe2 Nb6
22. axb5 Nxd5 23. bxa6 Nf4 24. Bxf4 exf4 25. Qxe8+ Qxe8 26. Nxf6+ gxf6 27.
Rxe8+ Rxe8 28. a7 Ra8 29. h4 d5 30. hxg5 fxg5 31. f6 1-0

[Event "SR 2. liga A 2016/2017"]
[Site "?"]
[Date "2016.10.09"]
[Round "2.2"]
[White "Vepy, Ivan"]
[Black "Hecht, Tomas"]
[Result "0-1"]
[WhiteElo "1923"]
[BlackElo "2015"]
[PlyCount "120"]
[EventDate "2016.??.??"]

1. e4 c5 2. Nf3 Nc6 3. d4 cxd4 4. Nxd4 g6 5. Nxc6 bxc6 6. Bd3 Bg7 7. O-O d6 8.
Nc3 Nf6 9. Rb1 O-O 10. h3 e5 11. Bg5 h6 12. Bd2 Be6 13. f4 exf4 14. Bxf4 Nh5
15. Bh2 Qb6+ 16. Kh1 Be5 17. Qe1 Qa5 18. Be2 Bxh2 19. Bxh5 Be5 20. Be2 Rab8 21.
Rf3 Kg7 22. b3 f5 23. exf5 Bxf5 24. Na4 Qxe1+ 25. Rxe1 Bxc2 26. Rxf8 Rxf8 27.
Bf3 Rc8 28. Nc5 Bf6 29. Nb7 d5 30. Rc1 Be4 31. Bxe4 dxe4 32. Nd6 Rd8 33. Nxe4
Be5 34. g4 Rd4 35. Re1 Kf7 36. Kg2 Ke6 37. Re2 Kd5 38. Nd2 Bf4 39. Nc4 Rd3 40.
Rf2 Rg3+ 41. Kf1 g5 42. Ke2 Rxh3 43. Rg2 Ke4 44. Kf1 Rh1+ 45. Rg1 Rxg1+ 46.
Kxg1 Kf3 47. Na5 Kxg4 48. Nxc6 Kf3 49. Nd4+ Ke4 50. Nb5 g4 51. Kg2 a6 52. Nc3+
Ke5 53. Nd1 h5 54. Nb2 h4 55. Nd3+ Kf5 56. Nf2 h3+ 57. Nxh3 gxh3+ 58. Kxh3 Ke4
59. Kg2 Kd3 60. Kf3 Bc1 0-1

[Event "SR 2. liga A 2016/2017"]
[Site "?"]
[Date "2016.10.09"]
[Round "2.2"]
[White "Kuna, Vladimir"]
[Black "Hrubsa, Marian"]
[Result "1/2-1/2"]
[WhiteElo "2005"]
[BlackElo "1832"]
[PlyCount "49"]
[EventDate "2016.??.??"]

1. d4 d5 2. Nf3 e6 3. c4 Nf6 4. Nc3 c6 5. Bg5 Nbd7 6. e3 Qa5 7. Bxf6 Nxf6 8.
Nd2 Be7 9. Bd3 O-O 10. O-O Bd7 11. Nf3 Rad8 12. Qc2 Bd6 13. a3 dxc4 14. Bxc4
Qh5 15. Ne4 Nxe4 16. Qxe4 g5 17. g4 Qh6 18. Kg2 f5 19. gxf5 Kh8 20. Bxe6 Bxe6
21. fxe6 Rxf3 22. Kxf3 Qh5+ 23. Kg2 Qxh2+ 24. Kf3 Qh5+ 25. Kg2 1/2-1/2

[Event "SR 2. liga A 2016/2017"]
[Site "?"]
[Date "2016.10.09"]
[Round "2.2"]
[White "Planka, Peter"]
[Black "Vimmer, Michal"]
[Result "1/2-1/2"]
[WhiteElo "1781"]
[BlackElo "1984"]
[PlyCount "93"]
[EventDate "2016.??.??"]

1. e4 c6 2. d4 d5 3. Nc3 dxe4 4. Nxe4 Nd7 5. Bd3 Ngf6 6. Nf3 Nxe4 7. Bxe4 Nf6
8. Bd3 Bg4 9. c3 e6 10. Bf4 Bd6 11. Bxd6 Qxd6 12. O-O O-O-O 13. h3 Bh5 14. Be2
Bxf3 15. Bxf3 g5 16. g3 h5 17. Qe2 h4 18. Kg2 Rh6 19. Qe5 Qxe5 20. dxe5 Nd7 21.
Rae1 Nc5 22. Rd1 Nd3 23. b3 Nxe5 24. Rxd8+ Kxd8 25. Rd1+ Ke7 26. Be2 f5 27. Rd4
Nd7 28. Ra4 a6 29. Rb4 b5 30. Rd4 e5 31. Rd2 Rd6 32. Rc2 c5 33. Rb2 e4 34. a4
Rb6 35. axb5 axb5 36. Ra2 b4 37. cxb4 Rxb4 38. Bc4 hxg3 39. Kxg3 Rb6 40. Ra7
Kd6 41. Ra8 Nf6 42. Rh8 Ke5 43. Rc8 f4+ 44. Kg2 Kd6 45. Rf8 Ke5 46. Rc8 Kd4 47.
Rd8+ 1/2-1/2

[Event "SR 2. liga A 2016/2017"]
[Site "?"]
[Date "2016.10.09"]
[Round "2.3"]
[White "Schwarz, Dusan"]
[Black "Karas, Marek"]
[Result "1-0"]
[WhiteElo "2276"]
[BlackElo "2196"]
[PlyCount "57"]
[EventDate "2016.??.??"]

1. d4 d5 2. c4 c6 3. Nf3 Nf6 4. Nc3 dxc4 5. a4 Bf5 6. Nh4 Bg4 7. h3 Bh5 8. g4
Bg6 9. Nxg6 hxg6 10. e4 e6 11. g5 Nfd7 12. Bxc4 Bb4 13. Be3 Rh4 14. Qf3 Qe7 15.
O-O Bd6 16. Rfd1 Bc7 17. Bf1 Na6 18. Bxa6 bxa6 19. e5 Qd8 20. Qxc6 Rxh3 21. Ne4
Bb6 22. a5 Bc7 23. Rdc1 Rc8 24. Nd6+ Bxd6 25. Qxc8 Bb4 26. Qb7 Rxe3 27. Rc8 Rb3
28. Rxd8+ Kxd8 29. Ra4 1-0